000 00684nam a2200217Ia 4500
001 19390
003 GE_BSU
008 181216s||||||||xx |||||||||||||| ||und||
040 _cGE_BSU
245 _aМировая экономика и международные отношения Том 52,№10. 2016
245 _cГл.ред.А.В Рябов.
260 _aМосква
260 _bНаука
260 _c2016
300 _a126 стр. 30см.
653 _aМировая экономика и международные отношения.
653 _aПериодика
653 _aТом 52,№10. 2016
653 _aპერიოდიკა
942 _cCR
999 _c52370
_d52370